Psiqué (Record no. 131920)

MARC details
000 -LEADER
campo de control de longitud fija 00787nam a2200229 4500
001 - NÚMERO DE CONTROL
campo de control 131920
003 - IDENTIFICADOR DE NÚMERO DE CONTROL
campo de control ES-MaACL
005 - FECHA Y HORA DE LA ÚLTIMA TRANSACCIÓN
campo de control 20251012190621.0
007 - CAMPO FIJO DE DESCRIPCIÓN FÍSICA--INFORMACIÓN GENERAL
campo de control de longitud fija t|
008 - DATOS DE LONGITUD FIJA--INFORMACIÓN GENERAL
campo de control de longitud fija 070214s1973 sp r ||||1| spa d
100 1# - ENTRADA PRINCIPAL--NOMBRE DE PERSONA
Nombre de persona Rohde, Erwin.
9 (RLIN) 98974
245 10 - MENCIÓN DEL TÍTULO
Título Psiqué
Resto del título : el culto de las almas y la creencia en la inmortalidad entre los griegos /
Mención de responsabilidad, etc. Erwin Rohde ; traducción de Salvador Fernández Ramírez.
260 ## - PUBLICACIÓN, DISTRIBUCIÓN, ETC.
Lugar de publicación, distribución, etc. Barcelona :
Nombre del editor, distribuidor, etc. Labor,
Fecha de publicación, distribución, etc. 1973.
300 ## - DESCRIPCIÓN FÍSICA
Extensión 2 v. ;
Dimensiones 19 cm.
490 1# - MENCIÓN DE SERIE
Mención de serie Maldoror ;
Designación de volumen o secuencia 14-15
500 ## - NOTA GENERAL
Nota general En el vol. 1º faltan páginas.
700 1# - ENTRADA AGREGADA--NOMBRE PERSONAL
Nombre de persona Fernández Ramírez, Salvador,
Fechas asociadas al nombre 1896-1983
9 (RLIN) 50022
830 0# - PUNTO DE ACCESO ADICIONAL DE SERIE-TÍTULO UNIFORME
Título uniforme Maldoror ;
Designación de volumen o secuencia 14-15
9 (RLIN) 186737
852 ## - LOCALIZACIÓN
Ubicación ES-MaACL
Número de control de estantería C-54518-9
Sublocalización o colección R.87224
852 ## - LOCALIZACIÓN
Ubicación ES-MaACL
Número de control de estantería C-55336-7
Sublocalización o colección R.87872
Holdings
Estatus retirado Estado de pérdida Estado de daño No para préstamo Biblioteca de origen Biblioteca actual Ubicación en estantería Fecha de adquisición Fuente de adquisición Total de préstamos Signatura topográfica completa Código de barras Visto por última vez Precio de reemplazo Tipo de ítem Koha
        Biblioteca del Ateneo de Madrid Biblioteca del Ateneo de Madrid Depósito 2 17/01/2008     C-55336-7 1137343 23/02/2023 23/02/2023 Libro impreso
        Biblioteca del Ateneo de Madrid Biblioteca del Ateneo de Madrid Depósito 2 17/01/2008     C-54518-9 1137342 23/02/2023 23/02/2023 Libro impreso